000 00903nam a2200205 i 4500
001 163543
003 ES-MaACL
005 20250717081035.0
008 021002s1890 sp f |||| | spa d
100 1 _aRío Lara, Luis del.
_9132230
245 1 0 _aDe la técnica urológica moderna
_b: guía práctica para el diagnóstico de las orinas normales y patológicas : tesis de doctorado /
_cpor Luis del Río y Lara.
260 _aMadrid :
_b[s.n.],
_c1890 (
_fImp. y Librería de Nicolás Moya)
300 _a94 p., [8] h. de lám. ;
_c24 cm.
502 _aTesis-Univ. Central de Madrid, 1890.
594 _aPrecede al tít.: Facultad de Medicina de Madrid.
650 4 _aUrología.
_9144735
710 2 _aUniversidad Central (Madrid).
_bFacultad de Medicina
_97093
852 _aES-MaACL
_jT-527-F-2
_z- Enc. hol. conservando cub. original
_z- Enc. en un vol. facticio
999 _c163543
_d163543